00805nam a2200229 a 450000100060000000300080000600500170001400800410003103500160007203500140008804000240010204100080012608200240013410000290015824501410018726000470032830000430037549000390041860000410045770000380049883000390053677219BD-RjUL20211209082939.0200304s1922 ctu 000 0 eng d aoxf98700468 a(BD-RjUL) aVTUUcVTUdm.cbeng aeng 219a821.3bBRJ 19221 aBradley, Jesse Franklin.14aThe Jonson allusion-book :ba collection of allusions to Ben Jonson from 1597-1700 /cby Jesse Franklin Bradley and Joseph Quincy Adams. aNew Haven :bYale University Press,c1922. avi, 466 p. :bfront. (port.) ;c24 cm.1 aCornell studies in English ;v[VI]10aJonson, Ben,d1573?-1637xAllusions.1 aAdams, Joseph Quincy,d1881-1946. 0aCornell studies in English ;v[VI]